[Event "Tolima Departamenl Amateur-ch"]
[Site "Tolima"]
[Date "2020.01.08"]
[Round "2"]
[White "Arango Leon, Andres Felipe"]
[Black "Perez Reinosa, Dubier"]
[Result "1-0"]
[WhiteElo "1893"]
[BlackElo "1600"]
[PlyCount "37"]
[EventDate "2020.01.07"]
[EventType "swiss"]
[EventRounds "5"]
[EventCountry "COL"]
[SourceTitle "CBM 195 Extra"]
[Source "ChessBase"]
[SourceDate "2020.05.31"]
[SourceVersion "1"]
[SourceVersionDate "2020.05.31"]
[SourceQuality "1"]

1. e4 c5 2. Nf3 Nc6 3. d4 cxd4 4. Nxd4 Nf6 5. Nc3 d5 6. Bb5 dxe4 7. Nxc6 Qxd1+ 8. Kxd1 a6 9. Ba4 Bg4+ 10. Ke1 b5 11. Bb3 e6 12. Ne5 Bh5 13. Be3 Bd6 14. f4 Bb4 15. Kf2 0-0 16. h3 Bg6 17. g4 Rfc8 18. h4 h5 19. Nxg6 1-0